Các biện pháp nâng đở cựu quân nhân tàn phế : Luận văn tốt nghiệp

Đề tài trình bày đại cương vấn đề nâng đở cựu quân nhân tàn phế, khía cạnh pháp lý của vấn đề, các biện pháp nâng đở phế binh.

Guardado en:
Detalles Bibliográficos
Autor principal: Trần, Đình Sào
Formato: Libro
Lenguaje:Undetermined
Publicado: Sài Gòn Học viện Quốc Gia Hành Chánh 1969
Materias:
Etiquetas: Agregar Etiqueta
Sin Etiquetas, Sea el primero en etiquetar este registro!
Thư viện lưu trữ: Trung tâm Học liệu Trường Đại học Cần Thơ
LEADER 00941nam a2200205Ia 4500
001 CTU_26306
008 210402s9999 xx 000 0 und d
082 |a 355.34 
082 |b S108 
100 |a Trần, Đình Sào 
245 0 |a Các biện pháp nâng đở cựu quân nhân tàn phế : 
245 0 |b Luận văn tốt nghiệp 
245 0 |c Trần Đình Sào ; Lương Thọ Phát (Người hướng dẫn) 
260 |a Sài Gòn 
260 |b Học viện Quốc Gia Hành Chánh 
260 |c 1969 
520 |a Đề tài trình bày đại cương vấn đề nâng đở cựu quân nhân tàn phế, khía cạnh pháp lý của vấn đề, các biện pháp nâng đở phế binh. 
650 |a Social problems,Social service 
904 |i Nguyễn Quang Điền, Hải 
980 |a Trung tâm Học liệu Trường Đại học Cần Thơ